[Event "39th POL-ch"]
[Site "Zielona Gora POL"]
[Date "1982.02.??"]
[Round "1"]
[White "Jasnikowski, Zbigniew"]
[Black "Dobrzynski, Wojciech"]
[Result "1/2-1/2"]
[WhiteElo "2395"]
[BlackElo "2310"]
[EventDate "1982.02.13"]
[PlyCount "49"]

1.e4 e5 2.Nf3 Nc6 3.Bb5 a6 4.Ba4 Nf6 5.O-O Be7 6.Re1 b5 7.Bb3 d6 8.c3 O-O 
9.h3 Nb8 10.d4 Nbd7 11.Nbd2 Bb7 12.Bc2 Re8 13.a4 c5 14.b3 Bf8 15.d5 Rb8 
16.c4 b4 17.Nf1 Nh5 18.Ng3 Nxg3 19.fxg3 Be7 20.Rf1 Nf8 21.Qe1 Ng6 22.Ra2 
Rf8 23.Bd3 Bc8 24.g4 Nh4 25.Raf2 1/2-1/2

[Event "39th POL-ch"]
[Site "Zielona Gora POL"]
[Date "1982.02.??"]
[Round "1"]
[White "Nowak, Ignacy"]
[Black "Bugajski, Robert"]
[Result "0-1"]
[WhiteElo "2360"]
[BlackElo "2315"]
[EventDate "1982.02.13"]
[PlyCount "82"]

1.Nf3 Nf6 2.d4 e6 3.c4 b6 4.Nc3 Bb7 5.Bg5 Be7 6.e3 h6 7.Bh4 O-O 8.Be2 d5 
9.Rc1 Nbd7 10.cxd5 exd5 11.O-O c6 12.Qa4 a5 13.Rfd1 Qb8 14.Bd3 Bd6 15.Re1 
Re8 16.Qc2 Qa7 17.Bf5 a4 18.a3 Qa5 19.e4 dxe4 20.Nxe4 Bf4 21.Rcd1 g5 22.
Bxd7 Nxd7 23.Bg3 Qf5 24.Bxf4 gxf4 25.Qb1 c5 26.Nd6 Rxe1+ 27.Nxe1 Qxb1 28.
Rxb1 Bd5 29.Rd1 Bb3 30.Rd2 Rd8 31.f3 Kf8 32.Kf2 c4 33.Nf5 Nf6 34.Nxh6 Nd5 
35.Nf5 b5 36.g3 b4 37.Nc2 c3 38.bxc3 bxc3 39.Re2 Bc4 40.Re5 f6 41.Re2 Rb8 
0-1

[Event "39th POL-ch"]
[Site "Zielona Gora POL"]
[Date "1982.02.??"]
[Round "1"]
[White "Steczkowski, Kazimierz"]
[Black "Ksieski, Zbigniew"]
[Result "1/2-1/2"]
[WhiteElo "2275"]
[BlackElo "2375"]
[EventDate "1982.02.13"]
[PlyCount "40"]

1.c4 e5 2.Nc3 Nc6 3.g3 g6 4.Bg2 Bg7 5.Nf3 Nf6 6.d3 d6 7.O-O O-O 8.Rb1 a5 
9.a3 Nd4 10.Nxd4 exd4 11.Nd5 c6 12.Nxf6+ Bxf6 13.b4 axb4 14.axb4 Re8 15.e4
dxe3 16.Bxe3 Bf5 17.b5 d5 18.bxc6 bxc6 19.cxd5 cxd5 20.Qb3 Be6 1/2-1/2

[Event "39th POL-ch"]
[Site "Zielona Gora POL"]
[Date "1982.02.??"]
[Round "1"]
[White "Stempin, Pawel"]
[Black "Zoltek, Tadeusz"]
[Result "1-0"]
[WhiteElo "2350"]
[BlackElo "2300"]
[EventDate "1982.02.13"]
[PlyCount "81"]

1.d4 Nf6 2.c4 e6 3.Nc3 d5 4.Bg5 c6 5.e3 Nbd7 6.cxd5 exd5 7.Bd3 Be7 8.Qc2 
O-O 9.Nf3 Re8 10.O-O Ne4 11.Bxe4 dxe4 12.Nxe4 Nb6 13.Bxe7 Qxe7 14.Nc3 Be6 
15.Rfe1 Rad8 16.Ne5 Nd5 17.a3 f6 18.Nd3 Qf7 19.Nc5 Bc8 20.Rad1 Qh5 21.b4 
Bg4 22.Rc1 Re7 23.Qb3 Kh8 24.a4 Qg6 25.Kh1 Bc8 26.Nxd5 Rxd5 27.Nd3 Rd8 28.
b5 cxb5 29.axb5 Qe4 30.f3 Qf5 31.e4 Qd7 32.d5 b6 33.Qb4 Qe8 34.Kg1 Bd7 35.
Rc7 Rc8 36.Rec1 Rf7 37.Rxa7 Rxc1+ 38.Nxc1 Qc8 39.Ne2 h5 40.Qc3 Qb8 41.Rc7 
1-0

[Event "39th POL-ch"]
[Site "Zielona Gora POL"]
[Date "1982.02.??"]
[Round "1"]
[White "Swic, Waldemar"]
[Black "Pokojowczyk, Jerzy"]
[Result "1-0"]
[WhiteElo "2350"]
[BlackElo "2450"]
[EventDate "1982.02.13"]
[PlyCount "43"]

1.e4 c5 2.Nf3 d6 3.d4 cxd4 4.Nxd4 Nf6 5.Nc3 a6 6.Be2 e5 7.Nb3 Be7 8.a4 Nc6
9.O-O O-O 10.Bg5 Nb4 11.a5 Be6 12.Bxf6 Bxf6 13.Ra4 Nc6 14.Nd5 Rc8 15.c3 
Bg5 16.g3 Qe8 17.Ra1 f5 18.Nb6 Qf7 19.Nxc8 Bxb3 20.Nxd6 Qe6 21.Qxb3 Qxb3 
22.Bc4+ 1-0

[Event "39th POL-ch"]
[Site "Zielona Gora POL"]
[Date "1982.02.??"]
[Round "1"]
[White "Sygulski, Artur"]
[Black "Adamski, Jan"]
[Result "0-1"]
[WhiteElo "2300"]
[BlackElo "2425"]
[EventDate "1982.02.13"]
[PlyCount "85"]

1.d4 Nf6 2.c4 e6 3.g3 d5 4.Nf3 a6 5.Bg2 dxc4 6.O-O Nc6 7.Nc3 Rb8 8.e4 b5 
9.Qe2 Be7 10.Bf4 O-O 11.Rad1 Nb4 12.Ne1 Bd7 13.a3 Nd3 14.Nxd3 cxd3 15.Qxd3
a5 16.Rfe1 b4 17.axb4 axb4 18.Ne2 Rb6 19.d5 Qb8 20.Nd4 exd5 21.exd5 Bd6 
22.Bg5 Ng4 23.h3 Ne5 24.Qb1 Qc8 25.Kh2 h6 26.Bc1 Ng6 27.f4 Ne7 28.b3 Ra6 
29.Bb2 Ra5 30.Nc2 Bf5 31.Bd4 Ra8 32.Qc1 Bxc2 33.Qxc2 Nxd5 34.Bb2 c6 35.Qc4
Re8 36.Qd4 Bf8 37.Be4 Nc3 38.Bxc3 bxc3 39.Qxc3 Ra2+ 40.Bc2 Rxe1 41.Rxe1 
Bb4 42.Qxb4 Rxc2+ 43.Kh1 0-1

[Event "39th POL-ch"]
[Site "Zielona Gora POL"]
[Date "1982.02.??"]
[Round "1"]
[White "Szymczak, Zbigniew"]
[Black "Maciejewski, Andrzej"]
[Result "1/2-1/2"]
[WhiteElo "2395"]
[BlackElo "2370"]
[EventDate "1982.02.13"]
[PlyCount "32"]

1.d4 Nf6 2.c4 c5 3.d5 e5 4.Nc3 d6 5.e4 Be7 6.g3 O-O 7.Bg2 Ne8 8.Nge2 f5 9.
exf5 Bxf5 10.Ne4 Nf6 11.N2c3 Nxe4 12.Nxe4 Nd7 13.O-O Qe8 14.Bd2 Qg6 15.Qe2
Nf6 16.Rae1 Nxe4 1/2-1/2

[Event "39th POL-ch"]
[Site "Zielona Gora POL"]
[Date "1982.02.??"]
[Round "2"]
[White "Adamski, Jan"]
[Black "Nowak, Ignacy"]
[Result "1/2-1/2"]
[WhiteElo "2425"]
[BlackElo "2360"]
[EventDate "1982.02.13"]
[PlyCount "60"]

1.Nf3 Nf6 2.c4 c5 3.d4 e6 4.Nc3 d5 5.cxd5 Nxd5 6.e3 Nc6 7.Bd3 Be7 8.a3 
cxd4 9.exd4 Bf6 10.Be4 Qd6 11.O-O O-O 12.Qd3 h6 13.Nb5 Qd8 14.Bxd5 exd5 
15.Bf4 Bg4 16.Ne5 Be6 17.Nxc6 bxc6 18.Nc7 Rc8 19.Na6 Qb6 20.Rfd1 Bxd4 21.
Qxd4 Qxa6 22.Bd6 Rfe8 23.Bc5 Ra8 24.Re1 Qa5 25.Re3 Bf5 26.b4 Qa4 27.Rae1 
Re4 28.Rxe4 Bxe4 29.Re3 a6 30.h4 h5 1/2-1/2

[Event "39th POL-ch"]
[Site "Zielona Gora POL"]
[Date "1982.02.??"]
[Round "2"]
[White "Bugajski, Robert"]
[Black "Stempin, Pawel"]
[Result "0-1"]
[WhiteElo "2315"]
[BlackElo "2350"]
[EventDate "1982.02.13"]
[PlyCount "108"]

1.c4 Nf6 2.Nf3 b6 3.g3 c5 4.Bg2 Bb7 5.O-O e6 6.Nc3 Be7 7.d4 cxd4 8.Qxd4 d6
9.b3 O-O 10.e4 Nbd7 11.Qe3 a6 12.Nd4 Qc7 13.Bb2 Rfe8 14.Rfe1 Bf8 15.h3 
Rad8 16.Kh1 g6 17.Re2 Bg7 18.Rd1 Qb8 19.a4 d5 20.e5 Nxe5 21.Qxe5 Qxe5 22.
Rxe5 Ne4 23.Rxe4 dxe4 24.Nde2 f5 25.Kh2 Kf7 26.Bc1 Rxd1 27.Nxd1 Rd8 28.Ne3
a5 29.c5 bxc5 30.Bf1 Ba6 31.Kg2 Rb8 32.Bd2 Rxb3 33.Bxa5 g5 34.Bc7 Rb2 35.
Ng1 Bxf1+ 36.Kxf1 Ra2 37.a5 Ke7 38.Nc4 Kd7 39.Bb6 Ra4 40.Nd2 c4 41.Ne2 Kc6
42.Be3 h6 43.a6 Ra1+ 44.Kg2 c3 45.Nb3 Rxa6 46.Nc5 Ra2 47.Nc1 Rc2 48.Nxe6 
Be5 49.Nb3 Kd5 50.Nd8 f4 51.gxf4 gxf4 52.Bc1 e3 53.Kf1 Rxf2+ 54.Kg1 Rb2 
0-1

[Event "39th POL-ch"]
[Site "Zielona Gora POL"]
[Date "1982.02.??"]
[Round "2"]
[White "Ksieski, Zbigniew"]
[Black "Bielczyk, Jacek"]
[Result "1/2-1/2"]
[WhiteElo "2375"]
[BlackElo "2390"]
[EventDate "1982.02.13"]
[PlyCount "40"]

1.e4 c5 2.Nf3 Nc6 3.d4 cxd4 4.Nxd4 Nf6 5.Nc3 d6 6.Bg5 Bd7 7.Qd2 Rc8 8.
O-O-O Nxd4 9.Qxd4 Qa5 10.f4 e6 11.e5 dxe5 12.fxe5 Bc6 13.Bb5 Nd5 14.Nxd5 
Bxb5 15.Nc3 Bc6 16.Rhf1 h6 17.Bh4 Qc7 18.Qg4 g5 19.Bf2 h5 20.Qg3 b5 
1/2-1/2

[Event "39th POL-ch"]
[Site "Zielona Gora POL"]
[Date "1982.02.??"]
[Round "2"]
[White "Maciejewski, Andrzej"]
[Black "Jasnikowski, Zbigniew"]
[Result "1/2-1/2"]
[WhiteElo "2370"]
[BlackElo "2395"]
[EventDate "1982.02.13"]
[PlyCount "44"]

1.e4 c5 2.Nf3 d6 3.Bb5+ Nc6 4.O-O Bd7 5.c3 Nf6 6.Re1 a6 7.Ba4 b5 8.Bc2 Bg4
9.d3 e6 10.Nbd2 Be7 11.h3 Bh5 12.Nf1 Ne5 13.g4 Nxf3+ 14.Qxf3 Bg6 15.a4 h5 
16.Nh2 hxg4 17.hxg4 d5 18.e5 Nd7 19.axb5 axb5 20.Bf4 c4 21.b4 O-O 22.Qe2 
d4 1/2-1/2

[Event "39th POL-ch"]
[Site "Zielona Gora POL"]
[Date "1982.02.??"]
[Round "2"]
[White "Zoltek, Tadeusz"]
[Black "Szymczak, Zbigniew"]
[Result "1/2-1/2"]
[WhiteElo "2300"]
[BlackElo "2395"]
[EventDate "1982.02.13"]
[PlyCount "105"]

1.c4 e6 2.Nf3 Nf6 3.Nc3 b6 4.e4 Bb7 5.Bd3 d6 6.Bc2 c5 7.d4 cxd4 8.Nxd4 
Nbd7 9.O-O Be7 10.Qe2 O-O 11.b3 a6 12.Bb2 Re8 13.Rad1 Bf8 14.f4 Qc7 15.Nf3
Rac8 16.e5 Bxf3 17.Rxf3 dxe5 18.fxe5 Nxe5 19.Rxf6 gxf6 20.Ne4 Bg7 21.Nd6 
Red8 22.Nxc8 Qxc8 23.h3 Rxd1+ 24.Qxd1 f5 25.Bd4 Qc7 26.Qd2 Qd6 27.Be3 Qxd2
28.Bxd2 Bf8 29.Kf1 Nc6 30.Bc3 Bg7 31.Bd2 a5 32.Bd1 Bd4 33.Bc2 Kg7 34.g4 
fxg4 35.hxg4 Ne5 36.Bd1 f6 37.Kg2 h6 38.Kg3 Nf7 39.Bc2 Ng5 40.Bd3 Be5+ 41.
Kg2 Bd4 42.Bxg5 hxg5 43.Kf3 Kf7 44.a4 Ke7 45.Bh7 Kd6 46.Ke4 Kc5 47.Bg8 e5 
48.Be6 Kb4 49.c5 Bxc5 50.Kf5 Kc3 51.Bd5 Kd3 52.Be4+ Kd4 53.Bc6 1/2-1/2

[Event "39th POL-ch"]
[Site "Zielona Gora POL"]
[Date "1982.02.??"]
[Round "3"]
[White "Bielczyk, Jacek"]
[Black "Swic, Waldemar"]
[Result "1/2-1/2"]
[WhiteElo "2390"]
[BlackElo "2350"]
[EventDate "1982.02.13"]
[PlyCount "40"]

1.e4 e6 2.Nf3 d5 3.Nc3 Nf6 4.e5 Nfd7 5.d4 c5 6.dxc5 Nc6 7.Bf4 Bxc5 8.Bd3 
f6 9.exf6 Qxf6 10.Bg3 O-O 11.O-O Nd4 12.Nxd4 Bxd4 13.Qd2 Ne5 14.Nb5 Bxb2 
15.Rab1 Nxd3 16.cxd3 Be5 17.Bxe5 Qxe5 18.d4 Qf6 19.Nc7 Rb8 20.Na6 Ra8 
1/2-1/2

[Event "39th POL-ch"]
[Site "Zielona Gora POL"]
[Date "1982.02.??"]
[Round "3"]
[White "Dobrzynski, Wojciech"]
[Black "Maciejewski, Andrzej"]
[Result "1/2-1/2"]
[WhiteElo "2310"]
[BlackElo "2370"]
[EventDate "1982.02.13"]
[PlyCount "36"]

1.Nf3 Nf6 2.g3 g6 3.Bg2 Bg7 4.O-O O-O 5.d4 c6 6.c4 d5 7.cxd5 cxd5 8.Ne5 
Ng4 9.f4 Nc6 10.Nc3 Ngxe5 11.fxe5 e6 12.Be3 Bd7 13.Qd2 f6 14.exf6 Rxf6 15.
Rxf6 Qxf6 16.Rf1 Qe7 17.Bf2 Rf8 18.e4 dxe4 1/2-1/2

[Event "39th POL-ch"]
[Site "Zielona Gora POL"]
[Date "1982.02.??"]
[Round "3"]
[White "Jasnikowski, Zbigniew"]
[Black "Zoltek, Tadeusz"]
[Result "1-0"]
[WhiteElo "2395"]
[BlackElo "2300"]
[EventDate "1982.02.13"]
[PlyCount "85"]

1.e4 c5 2.Nf3 Nc6 3.d4 cxd4 4.Nxd4 e5 5.Nb5 h6 6.N1c3 Nf6 7.Nd6+ Bxd6 8.
Qxd6 Qb6 9.Bd2 Qd4 10.Qxd4 Nxd4 11.O-O-O O-O 12.f3 b6 13.Be3 Ne6 14.Nd5 
Nxd5 15.Rxd5 f6 16.Bc4 Kf7 17.Rhd1 Rd8 18.Rd6 Re8 19.Bb5 Nf8 20.Bd2 Rb8 
21.Bb4 a6 22.Bc4+ Kg6 23.a4 Ne6 24.a5 b5 25.Bd5 Nf4 26.Rb6 Nxd5 27.Rxd5 
Rxb6 28.axb6 Re6 29.Bd6 Bb7 30.Bc7 d6 31.Rd3 Kf7 32.Bxd6 h5 33.Kd2 g6 34.
Bc7 Bc6 35.Rd8 Re8 36.Rd6 Bb7 37.Bd8 Bc8 38.Rxf6+ Kg7 39.Rd6 Kf7 40.Rf6+ 
Kg7 41.Rd6 Kf7 42.Bc7 Re6 43.Rd8 1-0

[Event "39th POL-ch"]
[Site "Zielona Gora POL"]
[Date "1982.02.??"]
[Round "3"]
[White "Nowak, Ignacy"]
[Black "Panczyk, Krzysztof"]
[Result "1/2-1/2"]
[WhiteElo "2360"]
[BlackElo "2300"]
[EventDate "1982.02.13"]
[PlyCount "37"]

1.c4 e6 2.Nf3 Nf6 3.d4 d5 4.Nc3 Nbd7 5.cxd5 exd5 6.Bf4 c6 7.e3 Be7 8.h3 
O-O 9.Bd3 Re8 10.Qc2 Nf8 11.g4 Be6 12.Be5 N6d7 13.Bg3 Rc8 14.Bf5 Nf6 15.
Be5 c5 16.dxc5 Bxc5 17.Bd4 Bxf5 18.Qxf5 Bxd4 19.Nxd4 1/2-1/2

[Event "39th POL-ch"]
[Site "Zielona Gora POL"]
[Date "1982.02.??"]
[Round "3"]
[White "Steczkowski, Kazimierz"]
[Black "Pokojowczyk, Jerzy"]
[Result "1/2-1/2"]
[WhiteElo "2275"]
[BlackElo "2450"]
[EventDate "1982.02.13"]
[PlyCount "52"]

1.e4 c5 2.d3 g6 3.g3 Bg7 4.Bg2 Nc6 5.f4 d6 6.Nf3 Nh6 7.O-O O-O 8.c3 Bd7 9.
Na3 Rb8 10.Nc2 e6 11.Kh1 Ne7 12.Be3 Bc6 13.Bg1 b6 14.Qe2 e5 15.fxe5 dxe5 
16.d4 exd4 17.cxd4 Qe8 18.Rfe1 Bb5 19.Qd2 Rd8 20.d5 Nc6 21.a4 Ba6 22.b4 
cxb4 23.Ncd4 Na5 24.Qxb4 Rc8 25.e5 Rc4 26.Qd2 Bc8 1/2-1/2

[Event "39th POL-ch"]
[Site "Zielona Gora POL"]
[Date "1982.02.??"]
[Round "3"]
[White "Sygulski, Artur"]
[Black "Ksieski, Zbigniew"]
[Result "1/2-1/2"]
[WhiteElo "2300"]
[BlackElo "2375"]
[EventDate "1982.02.13"]
[PlyCount "81"]

1.d4 c5 2.c3 Nf6 3.Nf3 b6 4.Bg5 e6 5.e3 Be7 6.Bd3 Bb7 7.Nbd2 h6 8.Bxf6 
Bxf6 9.O-O Nc6 10.Qe2 Qc7 11.Rad1 O-O 12.Bb1 d5 13.Rfe1 e5 14.e4 cxd4 15.
exd5 Ne7 16.c4 Ba6 17.Nxe5 Rfe8 18.Ng4 Bg5 19.b3 Kf8 20.Qe5 Nxd5 21.Qxd5 
Bxd2 22.Rxe8+ Rxe8 23.Qxd4 Rd8 24.Qe5 Bc3 25.Rxd8+ Qxd8 26.Qe2 Bb7 27.Qd3 
Bd4 28.Ne3 g6 29.h3 Qf6 30.Ng4 Qf4 31.Ne3 h5 32.Qd2 a5 33.Nf1 Qe5 34.Bd3 
Bc5 35.Ne3 Qg5 36.Bf1 Be4 37.Qc3 Kg8 38.g3 Kf8 39.Bg2 Bxe3 40.Qxe3 Qxe3 
41.fxe3 1/2-1/2

[Event "39th POL-ch"]
[Site "Zielona Gora POL"]
[Date "1982.02.??"]
[Round "3"]
[White "Szymczak, Zbigniew"]
[Black "Bugajski, Robert"]
[Result "1-0"]
[WhiteElo "2395"]
[BlackElo "2315"]
[EventDate "1982.02.13"]
[PlyCount "94"]

1.d4 Nf6 2.c4 g6 3.Nc3 d5 4.Nf3 Bg7 5.cxd5 Nxd5 6.e4 Nb6 7.h3 O-O 8.Be2 a5
9.O-O a4 10.Be3 Bd7 11.Qd2 Nc6 12.Bh6 Na5 13.Ne5 Be6 14.Bxg7 Kxg7 15.d5 c6
16.Rad1 cxd5 17.exd5 Bf5 18.g4 Qd6 19.Qd4 f6 20.f4 Bc2 21.Rd2 Bb3 22.Nf3 
Bxa2 23.Nxa2 Nb3 24.Qb4 Nxd2 25.Nxd2 Qxd5 26.Qxe7+ Rf7 27.Qe3 Rd8 28.Qxb6 
Rd6 29.Qf2 Qxa2 30.Bc4 Qxb2 31.Ne4 Qxf2+ 32.Kxf2 Rd4 33.Bxf7 Rxe4 34.Kf3 
Rd4 35.Ke3 Rb4 36.Bd5 b5 37.Rc1 Kf8 38.Rc7 Rb2 39.Rxh7 a3 40.Rf7+ Ke8 41.
Rxf6 b4 42.Rxg6 b3 43.Ra6 Rb1 44.Bxb3 Rxb3+ 45.Ke4 Rxh3 46.g5 Kd7 47.f5 
Kc7 1-0

[Event "39th POL-ch"]
[Site "Zielona Gora POL"]
[Date "1982.02.??"]
[Round "4"]
[White "Adamski, Jan"]
[Black "Szymczak, Zbigniew"]
[Result "1/2-1/2"]
[WhiteElo "2425"]
[BlackElo "2395"]
[EventDate "1982.02.13"]
[PlyCount "48"]

1.Nf3 Nf6 2.c4 d6 3.d4 Nbd7 4.Nc3 e5 5.e4 g6 6.Be2 Bg7 7.O-O O-O 8.Re1 c6 
9.Bf1 exd4 10.Nxd4 Ng4 11.Qxg4 Bxd4 12.Qd1 Qf6 13.Be3 Bxe3 14.Rxe3 Ne5 15.
Qd2 Be6 16.b3 Rad8 17.Rd1 a6 18.Rg3 c5 19.f4 Nc6 20.Qe3 Kh8 21.h3 Nd4 22.
Ne2 Nc6 23.Nc3 Nd4 24.Ne2 Nc6 1/2-1/2

[Event "39th POL-ch"]
[Site "Zielona Gora POL"]
[Date "1982.02.??"]
[Round "4"]
[White "Bugajski, Robert"]
[Black "Jasnikowski, Zbigniew"]
[Result "0-1"]
[WhiteElo "2315"]
[BlackElo "2395"]
[EventDate "1982.02.13"]
[PlyCount "80"]

1.c4 c6 2.Nf3 d5 3.e3 Nf6 4.Nc3 g6 5.d4 Bg7 6.b4 O-O 7.Bb2 Bg4 8.Bd3 Nbd7 
9.Ne2 a5 10.b5 c5 11.Ne5 Nxe5 12.dxe5 Nd7 13.f3 dxc4 14.Bxc4 Bxe5 15.Rb1 
Bxb2 16.Rxb2 Ne5 17.Rd2 Qb6 18.Bd5 Be6 19.Nf4 c4 20.Ke2 c3 21.Rd4 Qxb5+ 
22.Kf2 Bxd5 23.Nxd5 Qb2+ 24.Kg3 Nc6 25.Qd3 c2 26.Rc4 Rad8 27.Qe4 Rxd5 28.
Qxd5 Qb1 29.Qd2 Qxh1 30.Rxc2 Rd8 31.Qc3 Rd1 32.Qb3 Rd3 33.Qb2 Qe1+ 34.Kh3 
Rd5 35.f4 Qxe3+ 36.g3 Qf3 37.f5 Rxf5 38.Rc5 Rxc5 39.Qh8+ Kxh8 40.Kh4 Qh5# 
0-1

[Event "39th POL-ch"]
[Site "Zielona Gora POL"]
[Date "1982.02.??"]
[Round "4"]
[White "Ksieski, Zbigniew"]
[Black "Nowak, Ignacy"]
[Result "1-0"]
[WhiteElo "2375"]
[BlackElo "2360"]
[EventDate "1982.02.13"]
[PlyCount "79"]

1.Nf3 Nf6 2.c4 g6 3.d4 Bg7 4.g3 O-O 5.Bg2 d6 6.O-O Nbd7 7.d5 Nb6 8.Nfd2 
Nfd7 9.Qc2 Nc5 10.Nc3 Bf5 11.e4 Bd7 12.Nb3 Nba4 13.Be3 a5 14.Nxc5 Nxc5 15.
f4 e5 16.f5 f6 17.h4 Rf7 18.Qd2 Qe7 19.Rf2 Kh8 20.Bh3 Rg8 21.Kh2 g5 22.
hxg5 fxg5 23.Bg4 Bf6 24.Kg2 Rgg7 25.Rh1 Kg8 26.Kf1 Rf8 27.Rfh2 Be8 28.Rh6 
Bd7 29.Ke1 Be8 30.R1h2 Qd8 31.Qd1 Qa8 32.b3 Qa6 33.Bh5 Qa8 34.Bxc5 dxc5 
35.d6 c6 36.Na4 Bxh5 37.Qxh5 Rff7 38.Rg6 Kh8 39.Nxc5 Qa7 40.Rxg7 1-0

[Event "39th POL-ch"]
[Site "Zielona Gora POL"]
[Date "1982.02.??"]
[Round "4"]
[White "Pokojowczyk, Jerzy"]
[Black "Maciejewski, Andrzej"]
[Result "1/2-1/2"]
[WhiteElo "2450"]
[BlackElo "2370"]
[EventDate "1982.02.13"]
[PlyCount "35"]

1.e4 e6 2.d4 d5 3.Nd2 dxe4 4.Nxe4 Bd7 5.Nf3 Bc6 6.Bd3 Nd7 7.O-O Ngf6 8.
Nxf6+ Nxf6 9.Qe2 Be7 10.c3 Qd5 11.c4 Qd6 12.Rd1 Rd8 13.Ne5 Qxd4 14.Nxc6 
bxc6 15.Be3 Qh4 16.g3 Qh3 17.Bxa7 c5 18.Be4 1/2-1/2

[Event "39th POL-ch"]
[Site "Zielona Gora POL"]
[Date "1982.02.??"]
[Round "4"]
[White "Steczkowski, Kazimierz"]
[Black "Bielczyk, Jacek"]
[Result "1/2-1/2"]
[WhiteElo "2275"]
[BlackElo "2390"]
[EventDate "1982.02.13"]
[PlyCount "32"]

1.Nf3 Nf6 2.g3 d5 3.Bg2 c5 4.O-O Nc6 5.d3 e6 6.Nbd2 Be7 7.e4 O-O 8.Re1 Qc7
9.c3 b5 10.Nf1 b4 11.e5 Nd7 12.Bf4 a5 13.c4 dxc4 14.dxc4 Bb7 15.Qc2 Rfd8 
16.Rad1 Nf8 1/2-1/2

[Event "39th POL-ch"]
[Site "Zielona Gora POL"]
[Date "1982.02.??"]
[Round "4"]
[White "Swic, Waldemar"]
[Black "Sygulski, Artur"]
[Result "0-1"]
[WhiteElo "2350"]
[BlackElo "2300"]
[EventDate "1982.02.13"]
[PlyCount "116"]

1.e4 e5 2.Nf3 Nc6 3.Bb5 a6 4.Ba4 Nf6 5.O-O d6 6.Re1 Bd7 7.c3 Be7 8.h3 O-O 
9.d4 b5 10.Bb3 Re8 11.Nbd2 Bf8 12.a3 Na5 13.Ba2 Bc6 14.b4 Nb7 15.Qc2 g6 
16.Bb2 Bg7 17.c4 exd4 18.Nxd4 Bd7 19.c5 dxc5 20.bxc5 c6 21.e5 Nh5 22.N2f3 
Nf4 23.Qe4 Ne6 24.Nxe6 Bxe6 25.Qxc6 Qc8 26.Qxc8 Raxc8 27.Bxe6 fxe6 28.Rad1
Nxc5 29.Rd6 Bf8 30.Rdd1 Na4 31.Bc1 Rc7 32.Ng5 Nc3 33.Rd3 h6 34.Nf3 g5 35.
Bd2 Nd5 36.Nd4 Kf7 37.g3 Bc5 38.Ba5 Rcc8 39.Nf5 exf5 40.Rxd5 Bxa3 41.Rd7+ 
Be7 42.e6+ Kf6 43.Bb6 Bc5 44.Bxc5 Rxc5 45.Rd6 a5 46.e7+ Kf7 47.Rxh6 b4 48.
Ree6 Rxe7 49.Ref6+ Ke8 50.Rb6 Kd8 51.Rh8+ Kc7 52.Rbb8 Kd6 53.Rh6+ Kd5 54.
h4 gxh4 55.gxh4 Kc4 56.h5 f4 57.Kg2 Ree5 58.Rf6 Rf5 0-1

[Event "39th POL-ch"]
[Site "Zielona Gora POL"]
[Date "1982.02.??"]
[Round "4"]
[White "Zoltek, Tadeusz"]
[Black "Dobrzynski, Wojciech"]
[Result "1/2-1/2"]
[WhiteElo "2300"]
[BlackElo "2310"]
[EventDate "1982.02.13"]
[PlyCount "21"]

1.Nf3 d5 2.d4 Nf6 3.c4 c6 4.Nc3 g6 5.Bf4 Bg7 6.e3 O-O 7.cxd5 cxd5 8.Bd3 
Nc6 9.O-O Bg4 10.h3 Bxf3 11.Qxf3 1/2-1/2

[Event "39th POL-ch"]
[Site "Zielona Gora POL"]
[Date "1982.02.??"]
[Round "5"]
[White "Bielczyk, Jacek"]
[Black "Pokojowczyk, Jerzy"]
[Result "1/2-1/2"]
[WhiteElo "2390"]
[BlackElo "2450"]
[EventDate "1982.02.13"]
[PlyCount "30"]

1.e4 e5 2.Nf3 Nc6 3.Bc4 Bc5 4.d3 Nf6 5.Nc3 d6 6.a3 Nd4 7.h3 c6 8.O-O b5 9.
Ba2 h6 10.Nxd4 Bxd4 11.Ne2 Bb6 12.Ng3 Be6 13.Kh1 Qd7 14.Bxe6 fxe6 15.Be3 
Bxe3 1/2-1/2

[Event "39th POL-ch"]
[Site "Zielona Gora POL"]
[Date "1982.02.??"]
[Round "5"]
[White "Dobrzynski, Wojciech"]
[Black "Bugajski, Robert"]
[Result "1/2-1/2"]
[WhiteElo "2310"]
[BlackElo "2315"]
[EventDate "1982.02.13"]
[PlyCount "41"]

1.Nf3 c5 2.c4 Nf6 3.g3 b6 4.Bg2 Bb7 5.O-O e6 6.b3 Be7 7.Bb2 O-O 8.e3 d5 9.
Qe2 Nc6 10.Nc3 Rc8 11.Rfd1 d4 12.exd4 cxd4 13.Nb5 Bc5 14.Ne5 a6 15.Bxc6 
Rxc6 16.Nxc6 Bxc6 17.b4 d3 18.Qf1 axb5 19.cxb5 Bxb5 20.bxc5 bxc5 21.Bxf6 
1/2-1/2

[Event "39th POL-ch"]
[Site "Zielona Gora POL"]
[Date "1982.02.??"]
[Round "5"]
[White "Maciejewski, Andrzej"]
[Black "Zoltek, Tadeusz"]
[Result "0-1"]
[WhiteElo "2370"]
[BlackElo "2300"]
[EventDate "1982.02.13"]
[PlyCount "66"]

1.e4 c5 2.Nf3 Nc6 3.c3 Nf6 4.e5 Nd5 5.Bb5 e6 6.O-O Be7 7.d4 cxd4 8.cxd4 a6
9.Bd3 d6 10.Nc3 dxe5 11.dxe5 Nxc3 12.bxc3 Qc7 13.Re1 b5 14.Qe2 Bb7 15.h4 
Rc8 16.Bd2 Na5 17.Nd4 Nc4 18.Bf4 Nb6 19.Rac1 Bd5 20.Qg4 g6 21.Bb1 h5 22.
Qg3 Qd8 23.Nf3 Bxf3 24.Qxf3 Nd5 25.g3 Nxf4 26.Qxf4 g5 27.Qf3 gxh4 28.Qb7 
hxg3 29.fxg3 Rg8 30.Qxa6 Rxg3+ 31.Kh2 Rg4 32.Qxb5+ Kf8 33.Red1 Bd6 0-1

[Event "39th POL-ch"]
[Site "Zielona Gora POL"]
[Date "1982.02.??"]
[Round "5"]
[White "Nowak, Ignacy"]
[Black "Swic, Waldemar"]
[Result "1-0"]
[WhiteElo "2360"]
[BlackElo "2350"]
[EventDate "1982.02.13"]
[PlyCount "71"]

1.d4 Nf6 2.c4 g6 3.Nc3 d5 4.Nf3 Bg7 5.cxd5 Nxd5 6.e4 Nxc3 7.bxc3 c5 8.Rb1 
O-O 9.Be2 Nc6 10.d5 Ne5 11.Nxe5 Bxe5 12.Rb3 e6 13.f4 Bg7 14.c4 Re8 15.Bf3 
Qa5+ 16.Qd2 Qa4 17.e5 f6 18.Bb2 fxe5 19.Bxe5 Qxc4 20.d6 Bh6 21.h4 Rf8 22.
g3 Bd7 23.Rxb7 Rad8 24.Kf2 Qa6 25.Rc1 c4 26.Rc7 Rf5 27.Qb2 Rxe5 28.Qxe5 
Bg7 29.Qe2 Qxd6 30.Qxc4 Bd4+ 31.Kg2 Bb6 32.Rb7 Qd2+ 33.Kh3 Qe3 34.Rc3 Qg1 
35.Rd3 Rc8 36.Rdxd7 1-0

[Event "39th POL-ch"]
[Site "Zielona Gora POL"]
[Date "1982.02.??"]
[Round "5"]
[White "Stempin, Pawel"]
[Black "Ksieski, Zbigniew"]
[Result "1/2-1/2"]
[WhiteElo "2350"]
[BlackElo "2375"]
[EventDate "1982.02.13"]
[PlyCount "114"]

1.d4 d6 2.e4 Nf6 3.Nc3 g6 4.f4 Bg7 5.Nf3 O-O 6.Bd3 Nc6 7.O-O Bg4 8.e5 dxe5
9.dxe5 Nd5 10.Nxd5 Qxd5 11.h3 Bf5 12.Bxf5 Qxd1 13.Rxd1 gxf5 14.Be3 Rfd8 
15.Nd4 Nxd4 16.Bxd4 f6 17.exf6 Bxf6 18.Bxf6 exf6 19.Kf2 Kf7 20.Kf3 Rac8 
21.a4 a5 22.Rxd8 Rxd8 23.Ra3 c6 24.Rb3 Rd7 25.Ke2 h5 26.h4 Kf8 27.Rd3 Rg7 
28.Kf3 Ke7 29.Rd4 Rh7 30.Kf2 Rf7 31.c3 Rg7 32.Kf3 Rg8 33.Rd3 Rg4 34.g3 Rg8
35.Ke2 Ke6 36.Kd2 b5 37.axb5 cxb5 38.Kc2 a4 39.Kb1 Rb8 40.Rd4 Rg8 41.Rd3 
Rb8 42.Ka2 b4 43.cxb4 Rxb4 44.Ka3 Re4 45.Rd8 Re3+ 46.Kxa4 Rxg3 47.b4 Rg4 
48.Rd4 Rxh4 49.b5 Rh1 50.b6 Rb1 51.Ka5 h4 52.Rd3 Ra1+ 53.Kb5 Rb1+ 54.Ka6 
Ra1+ 55.Kb7 Rf1 56.Kc6 Rc1+ 57.Kb7 Rf1 1/2-1/2

[Event "39th POL-ch"]
[Site "Zielona Gora POL"]
[Date "1982.02.??"]
[Round "5"]
[White "Sygulski, Artur"]
[Black "Steczkowski, Kazimierz"]
[Result "1-0"]
[WhiteElo "2300"]
[BlackElo "2275"]
[EventDate "1982.02.13"]
[PlyCount "65"]

1.d4 Nf6 2.c4 e6 3.Nf3 b6 4.g3 Bb7 5.Bg2 Be7 6.O-O O-O 7.Nc3 Ne4 8.Qd3 d5 
9.Ne5 Nxc3 10.Qxc3 Qc8 11.cxd5 exd5 12.b4 c5 13.bxc5 bxc5 14.Ba3 Nc6 15.
Nxc6 Qxc6 16.Bxc5 Rac8 17.Rfc1 Bxc5 18.Qxc5 Qa4 19.Qe7 Rxc1+ 20.Rxc1 Ba8 
21.Rc7 Qxd4 22.Rxa7 Qd1+ 23.Bf1 Bc6 24.Qc5 Ba4 25.Qa3 Bc6 26.Qa6 Be8 27.
Ra8 Bd7 28.Qa3 Re8 29.e3 g6 30.Rxe8+ Bxe8 31.Qd3 Qc1 32.Qxd5 Bc6 33.Qc4 
1-0

[Event "39th POL-ch"]
[Site "Zielona Gora POL"]
[Date "1982.02.??"]
[Round "6"]
[White "Adamski, Jan"]
[Black "Dobrzynski, Wojciech"]
[Result "1/2-1/2"]
[WhiteElo "2425"]
[BlackElo "2310"]
[EventDate "1982.02.13"]
[PlyCount "82"]

1.d4 g6 2.c4 Bg7 3.Nf3 Nf6 4.Nc3 O-O 5.e4 d6 6.Be2 e5 7.Be3 Nbd7 8.O-O Ng4
9.Bg5 f6 10.Bc1 Nh6 11.Rb1 Nf7 12.b4 Kh8 13.Qc2 c6 14.Rd1 a5 15.b5 Qc7 16.
bxc6 bxc6 17.c5 dxc5 18.dxe5 Nfxe5 19.Na4 Nxf3+ 20.Bxf3 f5 21.Nxc5 Ne5 22.
Be2 fxe4 23.h3 Rb8 24.Rxb8 Qxb8 25.Be3 Qc7 26.Qxe4 Bf5 27.Qa4 Re8 28.Na6 
Qf7 29.Qxa5 Be4 30.Rd8 Qe7 31.Bg5 Qf7 32.Nc5 Bd5 33.Qa8 Rxd8 34.Qxd8+ Qg8 
35.a4 h6 36.Qxg8+ Kxg8 37.Be3 Nc4 38.Bxc4 Bxc4 39.a5 Bf8 40.a6 Bxc5 41.
Bxc5 Bxa6 1/2-1/2